| 000 | 00501cam a2200193ua 4500 | ||
|---|---|---|---|
| 001 | 6098 | ||
| 008 | 131119n ii |||gr||||Z||||||eng | ||
| 020 | _a81-272-0154-5 | ||
| 040 | _cMAIN | ||
| 082 | _a657.046 | ||
| 245 |
_aAdvanced Accountancy : _bVolume I / _cBy S.P. Jain . |
||
| 260 |
_aLudhiana: _bKalyani Publishers, _c2002. |
||
| 300 | _ax,1018p. | ||
| 653 | _aCommerce | ||
| 653 | _aAdvanced Accountancy | ||
| 700 |
_aJain,S.P., _eAuthor., |
||
| 700 |
_aNarang,K.L., _eAuthor. |
||
| 942 | _cBK | ||
| 999 |
_c5251 _d5251 |
||